书目信息 |
| 题名: |
传感器与测试技术
|
|
| 作者: | 杨娜 主编 | |
| 分册: | ||
| 出版信息: | 北京 航空工业出版社 2012.07 |
|
| 页数: | 294页 | |
| 开本: | 26cm | |
| 丛书名: | ||
| 单 册: | ||
| 中图分类: | TP212.06 | |
| 科图分类: | ||
| 主题词: | 自动化元件 , 自动化器件 | |
| 电子资源: | ||
| ISBN: | 978-7-80243-984-9 | |
| 000 | 00584nam0 2200205 450 | |
| 001 | 348 | |
| 005 | 20160905153643.82 | |
| 010 | @a978-7-80243-984-9@dCNY39.80 | |
| 100 | @a20160721d2012 km y0chiy0120 ea | |
| 101 | 0 | @achi |
| 102 | @aCN@b110000 | |
| 200 | 1 | @a传感器与测试技术@Achuan gan qi yu ce shi ji shu@f杨娜主编@Fyang na zhu bian |
| 210 | @a北京@c航空工业出版社@d2012.07 | |
| 215 | @a294页@d26cm | |
| 606 | 0 | @a自动化元件 |
| 606 | 0 | @a自动化器件 |
| 690 | @aTP212.06@v4 | |
| 701 | 0 | @a杨娜@Ayang na@4主编 |
| 801 | 0 | @aCN@b唐山师范学院图书馆@c20160721 |
| 905 | @aZUCC@dTP212.06@e38 | |
| 传感器与测试技术/杨娜主编.-北京:航空工业出版社,2012.07 |
| 294页;26cm |
| ISBN 978-7-80243-984-9:CNY39.80 |
| ● |
| 相关链接 |
|
|
|
|
正题名:传感器与测试技术
索取号:TP212.06/38
 
预约/预借
| 序号 | 登录号 | 条形码 | 馆藏地/架位号 | 状态 | 备注 |
| 1 | 901458 | 209014582 | 第二样本阅览室/ [索取号:TP212.06/38] | 在馆 | |
| 2 | 901459 | 209014591 | 第三借阅区/ [索取号:TP212.06/38] | 在馆 | |
| 3 | 901460 | 209014608 | 第三借阅区/ [索取号:TP212.06/38] | 在馆 |